00231 a2200109 4500001000700000020000600007040001100013100002300024240003500047245003000082362000900112165212 a  cMagnum aBoden, Margaret A.10aDimensoes da criatividadelpor10aDimensoes da criatividade0 a1899